MARC details
| 000 -BAŞLIK |
| Sabit Uzunluktaki Kontrol Alanı |
02546nam a22004337a 4500 |
| 001 - KONTROL NUMARASI |
| Control Dosyası |
0030866 |
| 003 - KONTROL NUMARASI KİMLİĞİ |
| Kontrol Alanı |
KOHA_MİRAKIL |
| 005 - EN SON İŞLEM TARİHİ ve ZAMANI |
| Kontrol Alanı |
20260207002743.0 |
| 007 - FİZİKSEL TANIM SABİT ALAN - GENEL BİLGİ |
| Sabit uzunluklu kontrol alanı |
ta |
| 008 - SABİT UZUNLUKTAKİ VERİ ÖGELERİ - GENEL BİLGİ |
| Sabit Alan |
110719b2011 tu |||gr||||#||||0|tur | |
| 020 ## - ISBN - ULUSLARARASI STANDART KİTAP NUMARASI |
| Isbn |
9789756483312 |
| Nitelik bilgileri |
|
| Kullanılabilirlik koşulları |
0,01 |
| 040 ## - KATALOGLAMA KAYNAĞI |
| Özgün Kataloglama Kurumu |
TR-BiSEU |
| Kataloglama Dili |
tur |
| Çeviri Kurumu |
TR-BiSEU |
| Açıklama Kuralları |
rda |
| 041 0# - DİL KODU |
| Metin ya da ses kaydının dil kodu |
tur |
| 044 ## - YAYINLAYAN/ÜRETEN KURULUŞUN ÜLKE KODU |
| ISO country code |
tu |
| 050 ## - SINIFLAMA ve YER NUMARASI |
| Sınıflama Numarası |
HG4028.S7 |
| Yer Numarası |
S57 2011 |
| 245 0# - ESER ADI BİLDİRİMİ |
| Başlık |
Şirketlerin halka arzında aracılık sürecinin etkinliği, 19 Ekim 2010/ |
| Sorumluluk Bildirimi |
editör Güler Aras ; hazırlayan Alparslan Budak. |
| 264 #1 - ÜRERİM, YAYIN, DAĞITIM ve TELİF BİLDİRİMİ |
| Yayın yeri |
İstanbul : |
| Yayınlayan |
TSPAKB |
| Yayın tarihi |
2011 |
| 300 ## - FİZİKSEL TANIMLAMA |
| Sayfa, Cilt vb. |
66 sayfa; 23 cm. |
| 336 ## - İÇERİK TÜRÜ |
| Content type term |
metin |
| Content type code |
txt |
| Source |
rdacontent |
| 337 ## - MEDYA TÜRÜ |
| Media type term |
aracısız |
| Media type code |
n |
| Source |
rdamedia |
| 338 ## - TAŞIYICI TÜRÜ |
| Carrier type term |
cilt |
| Carrier type code |
nc |
| Source |
rdacarrier |
| 490 1# - DİZİ BİLDİRİMİ |
| Dizi Bildirimi |
Türkiye Sermaye Piyasası Aracı Kuruluşları Birliği ; |
| Cilt Numarası |
yayın no. |
| 490 1# - DİZİ BİLDİRİMİ |
| Dizi Bildirimi |
52 |
| 505 ## - İÇİNDEKİLER NOTU |
| İçindekiler Notu |
İÇİNDEKİLER |
| 650 #0 - KONU BAŞLIĞI EK GİRİŞ - KONU TERİMİ |
| Konusal terim veya coğrafi ad |
Sermaye piyasası--Türkiye--Kongreler. |
| 9 (RLIN) |
60834 |
| 650 #0 - KONU BAŞLIĞI EK GİRİŞ - KONU TERİMİ |
| Konusal terim veya coğrafi ad |
Menkul kıymetler borsası--Türkiye--Kongreler. |
| 9 (RLIN) |
60835 |
| 650 #0 - KONU BAŞLIĞI EK GİRİŞ - KONU TERİMİ |
| Konusal terim veya coğrafi ad |
Anonim şirketler--Türkiye--Kongreler. |
| 9 (RLIN) |
60836 |
| 650 #0 - KONU BAŞLIĞI EK GİRİŞ - KONU TERİMİ |
| Konusal terim veya coğrafi ad |
Şirketler hukuku--Türkiye--Kongreler. |
| 9 (RLIN) |
60837 |
| 650 #0 - KONU BAŞLIĞI EK GİRİŞ - KONU TERİMİ |
| Konusal terim veya coğrafi ad |
Halka açılma (Menkul kıymetler)--Türkiye. |
| 9 (RLIN) |
60838 |
| 650 #0 - KONU BAŞLIĞI EK GİRİŞ - KONU TERİMİ |
| Konusal terim veya coğrafi ad |
Capital market--Turkey--Congresses. |
| 9 (RLIN) |
23901 |
| 650 #0 - KONU BAŞLIĞI EK GİRİŞ - KONU TERİMİ |
| Konusal terim veya coğrafi ad |
Stock exchanges--Law and legislation--Turkey--Congresses. |
| 9 (RLIN) |
60839 |
| 650 #0 - KONU BAŞLIĞI EK GİRİŞ - KONU TERİMİ |
| Konusal terim veya coğrafi ad |
Stock companies--Turkey--Congresses. |
| 9 (RLIN) |
60840 |
| 650 #0 - KONU BAŞLIĞI EK GİRİŞ - KONU TERİMİ |
| Konusal terim veya coğrafi ad |
Stockholders--Turkey--Congresses. |
| 9 (RLIN) |
60841 |
| 650 #0 - KONU BAŞLIĞI EK GİRİŞ - KONU TERİMİ |
| Konusal terim veya coğrafi ad |
Corporation law--Turkey--Congresses. |
| 9 (RLIN) |
60842 |
| 650 #0 - KONU BAŞLIĞI EK GİRİŞ - KONU TERİMİ |
| Konusal terim veya coğrafi ad |
Going public (Securities)--Turkey. |
| 9 (RLIN) |
60843 |
| 830 1# - SERİ EK GİRİŞİ - TEKBİÇİM ESER ADI |
| Tekbiçim Başlık |
Türkiye Sermaye Piyasası Aracı Kuruluşları Birliği ; |
| Volume number/sequential designation |
yayın no. |
| 9 (RLIN) |
60844 |
| 830 1# - SERİ EK GİRİŞİ - TEKBİÇİM ESER ADI |
| Tekbiçim Başlık |
52 |
| 9 (RLIN) |
8530 |
| 942 ## - EK GİRİŞ ÖGELERİ (KOHA) |
| Source of classification or shelving scheme |
Library of Congress Classification |
| Koha item type |
Book |
| 505 ## - İÇİNDEKİLER NOTU |
| -- |
Açılış Konuşmaları Prof. Dr. Güler Aras |
| -- |
Dekan, YTÜ İktisadi ve İdari Bilimler Fakültesi Prof. Dr. İsmail Yüksek |
| -- |
Rektör, YTÜ Panel: Şirketlerin Halka Arzında Aracılık Sürecinin Etkinliği Oturum Başkanı: Nevzat Öztangut Türkiye Sermaye Piyasası Aracı Kuruluşları Birliği Başkanı, Garanti Yatırım İcra Kurulu Üyesi, Takasbank Yönetim Kurulu Üyesi Berra Kılıç Turkish Yatırım Genel Müdürü, İMKB Yönetim Kurulu Üyesi Mete Gorbon İş Yatırım Kurumsal Finansman Müdürü Zafer Onat Finansinvest Genel Müdürü Saim Üstündağ 28 |
| -- |
Deloitte Türkiye Denetim Ortağı Didem Gordon |
| -- |
Kurumsal Yatırımcı Yöneticileri Derneği Başkan Yardımcısı, 31 |
| -- |
Libera Portföy Yönetimi Kurucu Ortak |
| -- |
Attila Koksal 05 |
| -- |
Standart Ünlü Menkul Değerler Genel Müdürü |
| -- |
Soru-Cevap 52 |
| -- |
Toplantı Sonuç Raporu 64 |